Nielen výnos je dôležitý

Pokračovanie príspevku o charakteristike metód, ktoré dokážu merať riziko investície. Beta ako meradlo volatility ceny akcie. Modelové výnosy fondu a jeho benchmarku. Alfa ako rozdiel medzi očakávaným výnosom z fondu vzhľadom na jeho betu. Sharpeho koeficient. Treynorov koeficient. Vzťahy medzi jedn...

Descrizione completa

Salvato in:
Dettagli Bibliografici
Autore principale: Baláž, Vladimír
Natura: Capitolo di libro
Lingua:slovacco
Soggetti:
Tags: Aggiungi Tag
Nessun Tag, puoi essere il primo ad aggiungerne!!

MARC

LEADER 00000naa$a2200000$$$4500
001 0039717
005 20231019083940.3
041 0 |a slo 
044 |a SK 
245 1 0 |a Nielen výnos je dôležitý  |c Vladimír Baláž 
520 |a Pokračovanie príspevku o charakteristike metód, ktoré dokážu merať riziko investície. Beta ako meradlo volatility ceny akcie. Modelové výnosy fondu a jeho benchmarku. Alfa ako rozdiel medzi očakávaným výnosom z fondu vzhľadom na jeho betu. Sharpeho koeficient. Treynorov koeficient. Vzťahy medzi jednotlivými koeficientami. Výhody a nevýhody ukazovateľov rizika. 
610 2 0 |a riziko 
610 2 0 |a investície 
610 2 0 |a metódy 
610 2 0 |a zisk 
610 2 0 |a rozhodovanie investičné 
610 2 0 |a investori 
610 2 0 |a investovanie 
610 2 0 |a benchmarking 
610 2 0 |a fondy investičné 
100 1 |a Baláž, Vladimír